000 01429nam a2200445 i 4500
001 55313
003 KOSZ 005
005 20220620143547.0
008 080513s2008 pl a f f |001 0 pol
015 _aUWD 2008/12944
020 _a9788374590617
035 _a991041967829705066
035 _a(PL-WaBN)b2122951x-48omnis_nlop
035 _ab2122951x
035 _a(OCoLC)749680095
035 _a(PL)b0000002122951
035 _a(EXLNZ-48OMNIS_NETWORK)9910524860405606
040 _aWA N
_cWA N
_dLUBL KUL
_dKOSZ 005/HR
046 _k2008
080 _a316
080 _a(075.8)
100 1 _aSzacka, Barbara
_d(1930- )
_eAutor
245 1 0 _aWprowadzenie do socjologii /
_cBarbara Szacka.
250 _aWyd. 2 popr. i uzup.
260 _aWarszawa :
_bOficyna Naukowa,
_c2008.
300 _a530 s. :
_bil. ;
_c25 cm.
336 _aTekst
_btxt
_2rdacontent
337 _aBez urządzenia pośredniczącego
_bn
_2rdamedia
338 _aWolumin
_bnc
_2rdacarrier
380 _aKsiążki
388 _a2001-
504 _aBibliogr. s. 485-509. Indeksy.
650 7 _aSocjologia
_2DBN
655 7 _aPodręczniki akademickie
_2DBN
658 _aSocjologia i społeczeństwo
710 2 _aOficyna Naukowa (Warszawa)
_4pbl
856 _uhttp://koha.tu.koszalin.pl/cgi-bin/koha/opac-detail.pl?biblionumber=55313
_yKatalog online BPK
942 _2UKD
_cKS
999 _c55313
_d55313